|
|
|
|
| LEADER |
00841nab#a2200325#ar4500 |
| 001 |
000084321 |
| 003 |
SVKKK |
| 005 |
20070529094116.0 |
| 008 |
030616c2007 xo e sloo |
| FMT |
|
|
|
| 038 |
|
|
|a SVKKK
|
| 040 |
|
|
|a SVKKK
|b slo
|e AACR2
|
| 041 |
0 |
|
|a slo
|
| 044 |
|
|
|a xo
|c SK
|
| 080 |
|
|
|a 792-056.26
|2 1997
|
| 100 |
1 |
|
|a Artimová, Zuzana
|4 aut
|
| 245 |
1 |
0 |
|a Malý princ spája zdravých i hendikepovaných
|c Zuzana Artimová
|
| 300 |
|
|
|b Fotogr.
|
| 610 |
2 |
4 |
|a Za hranicami všednosti (projekt)
|
| 610 |
2 |
4 |
|a Štúdio zážitkov (Bratislava, Slovensko)
|
| 650 |
0 |
4 |
|a telesne postihnutá mládež
|x realizácia
|
| 773 |
0 |
|
|t Katolícke noviny
|x 0139-8512
|g Roč. 122, č. 3 (2007), s. 21
|
| 957 |
|
|
|a 101
|
| 958 |
|
|
|a NT
|
| 974 |
|
|
|a Čr
|
| 992 |
|
|
|a RBX
|
| BAS |
|
|
|
| 852 |
|
|
|a SVKKK
|b BIB
|
| EXP |
|
|
|
| 998 |
|
|
|a SLO
|